[Event "SYR-ch"]
[Site "Damascus"]
[Date "2016.05.03"]
[Round "3"]
[White "Hamad, Ahmad"]
[Black "Hasan, Maamoon"]
[Result "1-0"]
[WhiteElo "2195"]
[BlackElo "1932"]
[PlyCount "55"]
[EventDate "2016.05.02"]
[EventType "swiss"]
[EventRounds "9"]
[EventCountry "SYR"]
[SourceTitle "EXT 2017"]
[Source "ChessBase"]
[SourceDate "2016.10.25"]
[SourceVersion "1"]
[SourceVersionDate "2016.10.25"]
[SourceQuality "1"]

1. c4 Nf6 2. Nc3 e5 3. g3 Bc5 4. Bg2 0-0 5. e3 Re8 6. Nge2 Bf8 7. 0-0 Nc6 8. d4 d6 9. d5 Nb8 10. e4 Nbd7 11. f4 exf4 12. gxf4 Nc5 13. Ng3 Ng4 14. Bf3 Qh4 15. Qc2 g6 16. Bxg4 Bxg4 17. Be3 Nxe4 18. Ngxe4 Bf5 19. Bd4 Bh6 20. Qg2 Bh3 21. Nf6+ Kf8 22. Nxh7+ Kg8 23. Nf6+ Kf8 24. Qg3 Qxg3+ 25. hxg3 Bxf1 26. Nxe8 Bxc4 27. Nxc7 Rc8 28. N7b5 1-0

[Event "SYR-ch"]
[Site "Damascus"]
[Date "2016.05.03"]
[Round "2"]
[White "Walid, Shebani"]
[Black "Hasan, Maamoon"]
[Result "0-1"]
[WhiteElo "1494"]
[BlackElo "1932"]
[PlyCount "45"]
[EventDate "2016.05.02"]
[EventType "swiss"]
[EventRounds "9"]
[EventCountry "SYR"]
[SourceTitle "EXT 2017"]
[Source "ChessBase"]
[SourceDate "2016.10.25"]
[SourceVersion "1"]
[SourceVersionDate "2016.10.25"]
[SourceQuality "1"]

1. e4 d6 2. d4 Nf6 3. Nc3 e5 4. dxe5 dxe5 5. Qxd8+ Kxd8 6. Bg5 Be6 7. Nf3 Nbd7 8. 0-0-0 Kc8 9. a3 a6 10. Be2 h6 11. Bxf6 gxf6 12. Nd5 Bc5 13. b4 Bf8 14. Rd3 a5 15. c3 axb4 16. Nxb4 Rxa3 17. Kd2 Nc5 18. Re3 Nb3+ 19. Ke1 Bxb4 20. cxb4 Ra1+ 21. Bd1 Rd8 22. Ke2 Bc4+ 23. Rd3 0-1

[Event "World Amateur-ch"]
[Site "Antalya"]
[Date "2011.10.01"]
[Round "1"]
[White "Hasan, Maamoon"]
[Black "Bayona, Karin Silvana"]
[Result "1-0"]
[WhiteElo "1998"]
[BlackElo "1802"]
[PlyCount "98"]
[EventDate "2011.10.01"]
[EventType "swiss"]
[EventRounds "9"]
[EventCountry "TUR"]
[SourceTitle "CBM 144 Extra"]
[Source "ChessBase"]
[SourceDate "2011.10.28"]
[SourceVersion "1"]
[SourceVersionDate "2011.10.28"]
[SourceQuality "1"]

1. e4 e5 2. Bc4 Nf6 3. Nc3 Bb4 4. d3 0-0 5. Nge2 d5 6. exd5 Nxd5 7. Bxd5 Qxd5 8. 0-0 Qe6 9. f4 exf4 10. Bxf4 Qb6+ 11. Kh1 c6 12. Ng3 Nd7 13. a3 Bxc3 14. bxc3 Nf6 15. Bd6 Bg4 16. Qd2 Rfe8 17. Rxf6 gxf6 18. Qf4 h5 19. h3 Qe3 20. hxg4 Qxf4 21. Bxf4 hxg4 22. Kg1 Kh7 23. Kf2 Kg6 24. Rb1 Re7 25. Rh1 Ree8 26. Rh6+ Kg7 27. Nf5+ Kg8 28. Rh4 Re6 29. Rxg4+ Kh7 30. Rg7+ Kh8 31. Rxf7 Rae8 32. Be3 Kg8 33. Rg7+ Kh8 34. Rxb7 Re5 35. g4 a5 36. Bd4 Re2+ 37. Kf3 R8e6 38. Bxf6+ Kg8 39. g5 Re1 40. Nd4 Rd6 41. Rg7+ Kf8 42. Ra7 c5 43. Kf2 Re8 44. Nf5 Rde6 45. Rh7 Kg8 46. Rg7+ Kf8 47. Nh6 Re2+ 48. Kf3 R8e3+ 49. Kf4 Ke8 1-0